A Study on the physical, emotional and spiritual effects of incarceration to prisoners of Dorm 9D3, maximum-security section, new bilibid, prison, Muntinlupa City / (Record no. 97171)
[ view plain ]
| 000 -LEADER | |
|---|---|
| fixed length control field | 00552nam a2200145 a 4500 |
| 003 - CONTROL NUMBER IDENTIFIER | |
| control field | 0 |
| 005 - DATE AND TIME OF LATEST TRANSACTION | |
| control field | 20250508130117.0 |
| 008 - FIXED-LENGTH DATA ELEMENTS--GENERAL INFORMATION | |
| fixed length control field | 970101s19uu xx 00 eng d |
| 050 ## - LIBRARY OF CONGRESS CALL NUMBER | |
| Classification number | PHS RC 451.4.P68 |
| Item number | .Y37 2004 |
| 100 ## - MAIN ENTRY--PERSONAL NAME | |
| Personal name | Yap, Derby D. |
| 245 ## - TITLE STATEMENT | |
| Title | A Study on the physical, emotional and spiritual effects of incarceration to prisoners of Dorm 9D3, maximum-security section, new bilibid, prison, Muntinlupa City / |
| Statement of responsibility, etc | Derby D. Yap. |
| 650 ## - SUBJECT ADDED ENTRY--TOPICAL TERM | |
| Topical term or geographic name as entry element | Imprisonment |
| General subdivision | Psychological aspects. |
| 650 ## - SUBJECT ADDED ENTRY--TOPICAL TERM | |
| Topical term or geographic name as entry element | Prisoners |
| Geographic subdivision | Philippines |
| General subdivision | Psychology. |
| 942 ## - ADDED ENTRY ELEMENTS (KOHA) | |
| Source of classification or shelving scheme | Library of Congress Classification |
| Koha item type | PASS |
| Withdrawn status | Lost status | Source of classification or shelving scheme | Damaged status | Home library | Current library | Shelving location | Date acquired | Source of acquisition | Total Checkouts | Full call number | Barcode | Date last seen | Price effective from | Koha item type |
|---|---|---|---|---|---|---|---|---|---|---|---|---|---|---|
| Library of Congress Classification | Luxembourg Library | Luxembourg Library | Portfolio Assessment of SISC Students Section | 05/26/2004 | Donation | PHS RC 451.4.P68 .Y37 2004 | P1198 | 04/08/2014 | 04/08/2014 | PASS |